书目信息 |
| 题名: |
说幽默话做幽默人
|
|
| 作者: | 周广宇 编著 | |
| 分册: | ||
| 出版信息: | 北京 外文出版社 2010.01 |
|
| 页数: | 246页 | |
| 开本: | 24cm | |
| 丛书名: | ||
| 单 册: | ||
| 中图分类: | H019 | |
| 科图分类: | ||
| 主题词: | 幽默 (美学)--you mo(mei xue)--语言艺术 | |
| 电子资源: | ||
| ISBN: | 978-7-119-06200-6 | |
| 000 | 00844nam0 2200229 450 | |
| 001 | 012010474925 | |
| 005 | 20100710091829.79 | |
| 010 | @a978-7-119-06200-6@dCNY29.80 | |
| 100 | @a20100710d2010 em y0chiy0120 ea | |
| 101 | 0 | @achi |
| 102 | @aCN@b110000 | |
| 105 | @ay z 000yy | |
| 106 | @ar | |
| 200 | 1 | @a说幽默话做幽默人@Ashuo you mo hua zuo you mo ren@f周广宇编著@Fzhou guang yu bian zhu |
| 210 | @a北京@c外文出版社@d2010.01 | |
| 215 | @a246页@d24cm | |
| 330 | @a本书通过大量风趣的事例,讲述了如何在交际、工作、演讲、谈判、辩论、情感、家庭生活方面学会幽默处世的技巧,读者通过学习、训练和发掘自己的幽默潜能,既能改善人际关系,又能排解烦恼收获快乐。 | |
| 606 | 0 | @a幽默 (美学)@Ayou mo(mei xue)@x语言艺术 |
| 690 | @aH019@v4 | |
| 701 | 0 | @a周广宇@Azhou guang yu@4编著 |
| 801 | 0 | @aCN@bQSSK@c20100710 |
| 905 | @b785292-94@dH019@eZ768@f3 | |
| 说幽默话做幽默人/周广宇编著.-北京:外文出版社,2010.01 |
| 246页;24cm |
| ISBN 978-7-119-06200-6:CNY29.80 |
| 本书通过大量风趣的事例,讲述了如何在交际、工作、演讲、谈判、辩论、情感、家庭生活方面学会幽默处世的技巧,读者通过学习、训练和发掘自己的幽默潜能,既能改善人际关系,又能排解烦恼收获快乐。 |
| ● |
| 相关链接 |
|
|
|
正题名:说幽默话做幽默人
索取号:H019/Z768
 
预约/预借
| 序号 | 登录号 | 条形码 | 馆藏地/架位号 | 状态 | 备注 |
| 1 | 785292 | 207852929 | 语言库209/209语言库 64排4列4层/ [索取号:H019/Z768] | 在馆 | |
| 2 | 785293 | 207852938 | 语言库209/209语言库 64排4列4层/ [索取号:H019/Z768] | 在馆 | |
| 3 | 785294 | 207852947 | 社科二线400B/209语言库 64排4列4层/ [索取号:H019/Z768] | 在馆 |